Maverick real estate investing : the art of buying and selling properties like Trump, Zell, Simon, and the world’s greatest land owners
Zapisane w:
| 1. autor: | |
|---|---|
| Format: | Książka |
| Język: | Undetermined |
| Wydane: |
Hoboken, N.J.
Wiley
2004
|
| Hasła przedmiotowe: | |
| Etykiety: |
Dodaj etykietę
Nie ma etykietki, Dołącz pierwszą etykiete!
|
| Thư viện lưu trữ: | Trung tâm Học liệu Trường Đại học Cần Thơ |
|---|
| LEADER | 00661nam a2200205Ia 4500 | ||
|---|---|---|---|
| 001 | CTU_163236 | ||
| 008 | 210402s9999 xx 000 0 und d | ||
| 020 | |c 24.95 | ||
| 082 | |a 332.6324 | ||
| 082 | |b B494 | ||
| 100 | |a Bergsman, Steve | ||
| 245 | 0 | |a Maverick real estate investing : | |
| 245 | 4 | |b the art of buying and selling properties like Trump, Zell, Simon, and the world’s greatest land owners | |
| 245 | 0 | |c Steve Bergsman | |
| 260 | |a Hoboken, N.J. | ||
| 260 | |b Wiley | ||
| 260 | |c 2004 | ||
| 650 | |a Real estate investment,Đầu tư bất động sản | ||
| 910 | |a Nguyên | ||
| 980 | |a Trung tâm Học liệu Trường Đại học Cần Thơ | ||